000 002590000a22000970004500
100 1 _aNazir Ali, Michael J.
245 1 0 _aResurgence of dundamentalism in the muslim world
300 _aNúm 69 (1995), Páginas 22
773 0 _tWorld Evangelization
942 _cANA
999 _c57576
_d57576